[Event "Katowice POL-HUN 10th"]
[Site "Katowice"]
[Date "2023.09.09"]
[Round "4"]
[White "Piekielny, Pawel"]
[Black "Egeman, Emilia"]
[Result "1-0"]
[WhiteElo "2250"]
[BlackElo "1930"]
[PlyCount "56"]
[EventDate "2023.09.09"]
[EventType "swiss (rapid)"]
[EventRounds "9"]
[EventCountry "POL"]
[SourceTitle "EXT 2024"]
[Source "ChessBase"]
[SourceDate "2023.10.10"]
[SourceVersion "1"]
[SourceVersionDate "2023.10.10"]
[SourceQuality "1"]

1. e4 c5 2. Nf3 d6 3. d4 cxd4 4. Nxd4 Nf6 5. Nc3 a6 6. Bg5 Nbd7 7. Bc4 Nc5 8. Bxf6 gxf6 9. Qh5 e6 10. 0-0 b5 11. Bb3 Nxb3 12. axb3 Qb6 13. Ndxb5 Rg8 14. Qxh7 Rg7 15. Qh4 Rg6 16. Na3 Bb7 17. Nc4 Qc7 18. Na5 Be7 19. Nxb7 Qxb7 20. Qh3 Kd7 21. Qd3 Rag8 22. g3 Rh6 23. Qxa6 Qxa6 24. Rxa6 Rgh8 25. h4 f5 26. Ra7+ Ke8 27. Ra8+ Bd8 28. exf5 Kd7 1-0